El combate perpetuo (Registro nro. 18426)
[ vista simple ]
| 000 -LEADER | |
|---|---|
| fixed length control field | 00370 a2200121 4500 |
| 001 - CONTROL NUMBER | |
| control field | ART_42780 |
| 005 - DATE AND TIME OF LATEST TRANSACTION | |
| control field | 20260410161737.0 |
| 008 - FIXED-LENGTH DATA ELEMENTS--GENERAL INFORMATION | |
| fixed length control field | 260409a |
| 100 1# - MAIN ENTRY--PERSONAL NAME | |
| Personal name | Botana, Natalio |
| 245 10 - TITLE STATEMENT | |
| Title | El combate perpetuo |
| 700 1# - ADDED ENTRY--PERSONAL NAME | |
| Personal name | Sturzenegger, Adolfo |
| 773 0# - HOST ITEM ENTRY | |
| Title | Ejecutivos de finanzas |
| Related parts | XIV Congreso del I.A.E.F. - Año 13, Nº 135 (mayo 1997) |
| Record control number | REV2863 |
No hay ítems disponibles.